=LDR 00000nam 2200000 4500 =001 INLIS000000000046294 =005 20150309104540.0 =006 =007 =008 =020 ##$$a 978-979-008-475-9 =035 ##$$0010-031500000000066 =040 ##$$a NBPDMAT =082 ##$$a 899.222 =090 ##$$a 899.222 $b agu g =100 ##$$a Agung kriswanto =245 ##$$a gita sinangsaya $b edisi teks dan terjemahan $c Agung Kriswanto =250 ##$$a Cet. 1 =260 ##$$a jakarta $b perpustakaan nasional $c 2012 =300 ##$$a xv, 312 hlm, ; $c 21 cm. =500 ##$$a Bibliografi : hlm. 290-291 =700 ##$$a Agung kriswanto =990 ##$$a 0001/BPAP-NTB/20142015